Normal view
MARC view
- Çin
Entry Geographic Name
001 - CONTROL NUMBER
- control field: 68773
003 - CONTROL NUMBER IDENTIFIER
- control field: TR-AnTOB
005 - DATE AND TIME OF LATEST TRANSACTION
- control field: 20230817152752.0
008 - FIXED-LENGTH DATA ELEMENTS
- fixed length control field: 161231n|eazznnaab| |a aaa
035 ## - SYSTEM CONTROL NUMBER
- System control number: (TR-AnTOB)68773
040 ## - CATALOGING SOURCE
- Original cataloging agency: TR-AnTOB
- Transcribing agency: TR-AnTOB
- Subject heading/thesaurus conventions: etuturkob
151 ## - HEADING--GEOGRAPHIC NAME
- Geographic name: Çin
- General subdivision: İlişkiler
451 ## - SEE FROM TRACING--GEOGRAPHIC NAME
- Geographic name: China
- General subdivision: Relations
451 ## - SEE FROM TRACING--GEOGRAPHIC NAME
- Geographic name: China
- General subdivision: Relations
- Geographic subdivision: Foreign countries
451 ## - SEE FROM TRACING--GEOGRAPHIC NAME
- Geographic name: Çin
- General subdivision: İlişkiler
- Geographic subdivision: Yabancı ülkeler
688 ## - APPLICATION HISTORY NOTE
- Institution to which field applies: TR-AnTOB
- Application history note: Op 17.08.2023
751 ## - ESTABLISHED HEADING LINKING ENTRY--GEOGRAPHIC NAME
- Authority record control number or standard number: https://lccn.loc.gov/sh2008114661
- Source of heading or term: lcsh
751 ## - ESTABLISHED HEADING LINKING ENTRY--GEOGRAPHIC NAME
- Authority record control number or standard number: (TR-AnTOB)68772
- Source of heading or term: etuesh



